Catálogo público

Rendimiento y calidad del forraje de seis variedades de alfalfa (Medicago sativa L.) en la fase de establecimiento. / (Record no. 169748)

MARC details
000 -CABECERA
campo de control de longitud fija 01165nam a2200325Ia 4500
001 - NÚMERO DE CONTROL
campo de control Z_6483
003 - IDENTIFICADOR DEL NÚMERO DE CONTROL
campo de control CHAP
008 - DATOS DE LONGITUD FIJA--INFORMACIÓN GENERAL
campo de control de longitud fija 220113s2010 xx 000 0 und d
010 ## - NÚMERO DE CONTROL DE LA BIBLIOTECA DEL CONGRESO
Número de control de LC 169748
040 ## - FUENTE DE LA CATALOGACIÓN
Centro/agencia transcriptor CHAP
090 ## - LOCALMENTE ASIGNADO TIPO-LC NÚMERO DE CLASIFICACIÓN (OCLC); NÚMERO DE CLASIFICACIÓN LOCAL (RLIN)
Número de clasificación (OCLC) (R) ; Numero de clasificación, CALL (RLIN) (NR) Tesis D45 2269
100 ## - ENTRADA PRINCIPAL--NOMBRE DE PERSONA
Nombre de persona Delin Reynoso, Rocio
9 (RLIN) 31684
245 ## - MENCIÓN DE TÍTULO
Título Rendimiento y calidad del forraje de seis variedades de alfalfa (Medicago sativa L.) en la fase de establecimiento. /
Mención de responsabilidad, etc. Rocio Delin Reynoso
260 ## - PUBLICACIÓN, DISTRIBUCIÓN, ETC.
Lugar de publicación, distribución, etc. México :
Nombre del editor, distribuidor, etc. El autor,
Fecha de publicación, distribución, etc. 2010
300 ## - DESCRIPCIÓN FÍSICA
Extensión CD
502 ## - NOTA DE TESIS
Nota de tesis Tesis (Ingeniero Agrónomo Especialista en Zootecnia) -- UACh, 2010 \ Dirección: José Luis Zaragoza Ramírez; asesoría: Meliton Córdoba Alvarez y Ricardo D. Amendola Massiotti
650 ## - PUNTO DE ACCESO ADICIONAL DE MATERIA--TÉRMINO DE MATERIA
Término de materia o nombre geográfico como elemento de entrada Alfalfa
9 (RLIN) 3847
650 ## - PUNTO DE ACCESO ADICIONAL DE MATERIA--TÉRMINO DE MATERIA
Término de materia o nombre geográfico como elemento de entrada Alfalfa
Subdivisión general componentes botánicos
9 (RLIN) 144913
650 ## - PUNTO DE ACCESO ADICIONAL DE MATERIA--TÉRMINO DE MATERIA
Término de materia o nombre geográfico como elemento de entrada Alfalfa
Subdivisión general forraje
9 (RLIN) 144914
650 ## - PUNTO DE ACCESO ADICIONAL DE MATERIA--TÉRMINO DE MATERIA
Término de materia o nombre geográfico como elemento de entrada Alfalfa
Subdivisión general variedades
9 (RLIN) 3893
700 ## - PUNTO DE ACCESO ADICIONAL--NOMBRE DE PERSONA
Nombre de persona Amendola Massiotti, Ricardo D., asesor.
9 (RLIN) 138995
700 ## - PUNTO DE ACCESO ADICIONAL--NOMBRE DE PERSONA
Nombre de persona Córdoba Alvarez, Melitón, asesor
9 (RLIN) 138996
700 ## - PUNTO DE ACCESO ADICIONAL--NOMBRE DE PERSONA
Nombre de persona Zaragoza Ramírez, José Luis, director
9 (RLIN) 143310
901 ## - ELEMENTOS DE DATOS A LOCAL LDA (RLIN)
a TESIS D45 2269
902 ## - ELEMENTOS DE DATOS B LOCAL, LDB (RLIN)
a M
910 ## - DATOS DE OPCIÓN DEL USUARIO (OCLC)
Datos de opción del usuario 2010
942 ## - ELEMENTOS DE PUNTO DE ACCESO ADICIONAL (KOHA)
Tipo de ítem Koha Tesis_
942 ## - ELEMENTOS DE PUNTO DE ACCESO ADICIONAL (KOHA)
Tipo de ítem Koha Tesis_
Holdings
Estado de retiro Estado de pérdida Fuente del sistema de clasificación o colocación Estado dañado No para préstamo Código de colección Localización permanente Ubicación/localización actual Fecha de adquisición Fuente de adquisición Total de préstamos Signatura topográfica completa Código de barras Fecha visto por última vez Número de copia Precio válido a partir de Tipo de ítem Koha
    Clasificación Universidad Autónoma de Chapingo   Excluido de préstamo Tesis digitales de Licenciatura Zootecnia Zootecnia 13/10/2014 El autor   Tesis D45 2269 z_T 4033 18/01/2022 1 18/01/2022 CD
    Clasificación Universidad Autónoma de Chapingo   Excluido de préstamo Tesis digitales de Licenciatura Zootecnia Zootecnia 13/10/2014 El autor   Tesis D45 2269 z_T 4034 18/01/2022 2 18/01/2022 CD